Filmografia di Christopher Nolan - Statistics

Statistiche generali
  • Questo quiz è stato fatto 90 volte
  • Il punteggio medio è 9 su 12
Statistiche sulle risposte
Anno Film % Corretto
2010 Inception
94%
2014 Interstellar
94%
2023 Oppenheimer
90%
2008 Il cavaliere oscuro
87%
2020 Tenet
87%
2000 Memento
82%
2005 Batman Begins
77%
2006 The Prestige
76%
2012 Il cavaliere oscuro - Il ritorno
73%
2017 Dunkirk
65%
2002 Insomnia
61%
1998 Following
51%
Nessun quiz corrispondente trovato
Distribuzione punteggi
Percentuale di utenti per punteggio
Percentile per numero di risposta
I tuoi punteggi nel tempo
Non hai fatto questo quiz